000 00545nam a2200193 4500
001 20063
005 20230410115452.0
008 060907n1979 dr spa
020 _a9684110073
035 _9funglode20214
041 _aES
050 1 4 _aHD 8116.5 C796p 1979
100 _aCórdova, Arnaldo
245 1 3 _aLa política de masas y el futuro de la izquierda en México /
_cArnaldo Córdova
260 _aMéxico D.F. :
_bEdiciones Era,
_c1979
300 _a131 p.
440 _aSerie popular Era ;
_v72
942 _2lcc
_cbk
999 _c41813
_d41813